Les guerres romaines (Partie 1) - Statistiques

Statistiques générales
  • Ce quiz a été pris 69 fois
  • Le résultat moyen est 6 sur 10
Statistiques - réponses
Question Réponse % Correct
Rome s'est emparée de presque toute l'Italie. Elle entre en conflit avec Carthage, cité phénicienne établie dans l'actuelle Tunisie. Les trois guerres qu'elles se livreront passerons à la postérité sous le nom de guerres puniques. Quel est l'objectif principal de la première guerre pour les deux rivales ? Le contrôle de la Sicile
100%
C'est une guerre légendaire contre une tribu voisine dans le but avoué de se reproduire. Les Sabins
86%
L'expansionnisme romain inquiète les cités grecques du sud de l'Italie. L'une d'elles, Tarente, décide de faire appel au roi d'Épire et de son armée de style macédonien. Qui est donc ce roi, dont les victoires, couteuses en hommes, sont l'origine d'une expression courante ? Pyrrhus
86%
La deuxième guerre punique est remportée par Rome grâce à Scipion, jeune général, qui remporte la victoire en Afrique sur l'armée d'Hannibal à la bataille… De Zama
71%
Après s'être emparée de Carthage et avoir créé la province d'Afrique, se retrouve opposé au roi Jugurtha, qui règne alors sur un puissant royaume en actuelle Algérie. La guerre dura 7 ans, pour ne s'achever quand 105 et la victoire de Marius. Quel était donc ce royaume ? La Numidie
71%
Ces pillards celtes, conduits par Brennus, chef des Sénons, s'emparent de Rome et lui imposent un tribut en 390, après une bataille synonyme de catastrophe chez les Romains. Quel est le nom de ce désastre ? La bataille de l'Allia
57%
Durant la deuxième guerre punique, Hannibal Barca, général carthaginois, s'enfonce en Italie après avoir franchi les Pyrénées et les Alpes avec son armée. Il remporte quatre grandes victoires sur l'armée romaine. Laquelle n'en est pas une ? Le Métaure
57%
Cette cité étrusque s'opposa à Rome dans différents conflits. Véies
43%
Au IIIᵉ siècle avant J.C., la république romaine est engagée dans un conflit contre la confédération des Samnites. Après deux premières guerres, la troisième permet aux Romains de remporter la victoire. Quelle bataille décisive permet de prendre le dessus sur leur adversaire ? La bataille de Sentinum, où les Samnites sont renforcés par des Gaulois
29%
En 114, Cneius Papirius est vaincu et tué par les Cimbres et leurs alliés Teutons, peuples originaires de Germanie. Leurs nombreuses victoires sur les Romains causèrent une vive peur d'invasion de l'Italie. Marius les vainquit définitivement à Verceil en 101 avant notre ère. Quelle fut la plus grande victoire de ces fameux envahisseurs ? Orange
29%
Aucun quiz correspondant
Distribution des résultats
% des personnes avec chaque résultat
Percentile par nombre de réponses
Votre historique - résultats
Vous n’avez pas pris ce quiz